[Event "ITA-ch sf 81st"]
[Site "Acqui Terme"]
[Date "2022.06.15"]
[Round "5"]
[White "Hercegovac, Neven"]
[Black "Duraccio, Walter Mattia"]
[Result "1-0"]
[WhiteElo "2187"]
[BlackElo "1963"]
[PlyCount "53"]
[EventDate "2022.06.12"]
[EventType "swiss"]
[EventRounds "9"]
[EventCountry "ITA"]
[SourceTitle "CBM 208 Extra"]
[Source "ChessBase"]
[SourceDate "2022.07.31"]
[SourceVersion "1"]
[SourceVersionDate "2022.07.31"]
[SourceQuality "1"]

1. e4 c6 2. d4 d5 3. Nc3 dxe4 4. Nxe4 Nf6 5. Ng3 h5 6. h3 c5 7. Nf3 h4 8. Ne2 Nc6 9. c3 g6 10. Bg5 cxd4 11. Nexd4 Qb6 12. Qb3 Nxd4 13. Nxd4 Qxb3 14. axb3 Bd7 15. Be2 Ne4 16. Be3 Bg7 17. Nb5 0-0 18. Nc7 Rac8 19. Nd5 Rfe8 20. Rxa7 Bc6 21. Nb6 Rcd8 22. 0-0 Nd2 23. Rd1 Nxb3 24. Ra3 Rxd1+ 25. Bxd1 Nd2 26. Bxd2 Rd8 27. Ra8 1-0

[Event "ITA-ch sf 81st"]
[Site "Acqui Terme"]
[Date "2022.06.12"]
[Round "1"]
[White "Boraso, Alessio"]
[Black "Duraccio, Walter Mattia"]
[Result "1-0"]
[WhiteElo "2286"]
[BlackElo "1963"]
[PlyCount "167"]
[EventDate "2022.06.12"]
[EventType "swiss"]
[EventRounds "9"]
[EventCountry "ITA"]
[SourceTitle "CBM 208 Extra"]
[Source "ChessBase"]
[SourceDate "2022.07.31"]
[SourceVersion "1"]
[SourceVersionDate "2022.07.31"]
[SourceQuality "1"]

1. e4 c6 2. d4 d5 3. exd5 cxd5 4. c4 Nf6 5. Nc3 e6 6. Nf3 Bb4 7. Bd2 0-0 8. a3 Be7 9. cxd5 Nxd5 10. Bd3 b6 11. Qc2 h6 12. Nxd5 exd5 13. 0-0 Bb7 14. Ne5 Nd7 15. Nc6 Bxc6 16. Qxc6 Nf6 17. Ba6 Bd6 18. g3 Re8 19. Rfe1 Ne4 20. Be3 Qf6 21. Qxd5 Rad8 22. Qh5 Bf8 23. Be2 Rxd4 24. Bxd4 Qxd4 25. Rf1 Bc5 26. Rad1 Qxb2 27. Rd7 g6 28. Qd5 Nd6 29. Bd3 Re1 30. Qf3 Rxf1+ 31. Bxf1 Qxa3 32. Qxa3 Bxa3 33. Rxa7 Bc5 34. Bd3 Kg7 35. Kg2 Kf6 36. f4 Ke6 37. Bc2 f5 38. Bb3+ Kf6 39. Rh7 h5 40. Kf3 Bg1 41. Kg2 Be3 42. Kf3 Bg1 43. Ke2 b5 44. h4 Bb6 45. Rd7 Bc5 46. Bd5 Ba3 47. Kd3 Bc5 48. Kc2 Ba3 49. Kb3 Bc5 50. Ka2 Bb4 51. Kb1 Ba3 52. Kc2 Bb4 53. Kb2 Nc4+ 54. Kb3 Be7 55. Bxc4 bxc4+ 56. Kxc4 Ba3 57. Ra7 Bd6 58. Kd5 Bb4 59. Rb7 Be1 60. Rb3 Bf2 61. Kd6 Bd4 62. Kd7 Kf7 63. Rf3 Ba7 64. Rf1 Bd4 65. Kd6 Kf6 66. Kd5 Be3 67. Ra1 Bf2 68. Ra6+ Kf7 69. Ke5 Kg7 70. Ra3 Kf7 71. Rb3 Kg7 72. Rd3 Be1 73. Ke6 Bf2 74. Ra3 Bg1 75. Rf3 Bd4 76. Rf1 Be3 77. Rd1 Bf2 78. Rd3 Be1 79. Rd7+ Kh6 80. Rd3 Kg7 81. Rb3 Bf2 82. Rb7+ Kh6 83. Kf7 Bxg3 84. Kg8 1-0

[Event "Porto San Giorgio op"]
[Site "Porto San Giorgio"]
[Date "2020.08.26"]
[Round "5"]
[White "Duraccio, Walter Mattia"]
[Black "Pelagalli, Marco"]
[Result "1-0"]
[WhiteElo "1866"]
[BlackElo "1764"]
[PlyCount "95"]
[EventDate "2020.08.22"]
[EventType "swiss"]
[EventRounds "7"]
[EventCountry "ITA"]
[SourceTitle "CBM 198 Extra"]
[Source "ChessBase"]
[SourceDate "2020.11.30"]
[SourceVersion "1"]
[SourceVersionDate "2020.11.30"]
[SourceQuality "1"]

1. c4 e6 2. g3 d5 3. Bg2 Nf6 4. Nf3 Be7 5. 0-0 0-0 6. d4 c6 7. b3 Nbd7 8. Bb2 Ne4 9. Nc3 f5 10. Ne1 Ndf6 11. f3 Nxc3 12. Bxc3 c5 13. e3 Qc7 14. Qe2 Bd7 15. Rc1 Bc6 16. dxc5 dxc4 17. Qxc4 Bd5 18. Qe2 Qxc5 19. Nd3 Qb6 20. Rfd1 Rac8 21. Bd4 Qa6 22. Rc2 Rxc2 23. Qxc2 Qc6 24. Qxc6 Bxc6 25. Ne5 Rc8 26. Rc1 a6 27. Nxc6 bxc6 28. Bf1 a5 29. Ba6 Rd8 30. Rxc6 e5 31. Bc4+ Kf8 32. Bxe5 Nd5 33. Bxd5 Rxd5 34. Bd4 g6 35. Rc4 h5 36. Kg2 Kf7 37. e4 fxe4 38. fxe4 Rb5 39. Kf3 Ke6 40. Rc6+ Kf7 41. Ra6 Bb4 42. e5 g5 43. Ke4 Bd2 44. Kf5 Rd5 45. Ra7+ Ke8 46. Ke4 Rb5 47. e6 Be1 48. Bf6 1-0

[Event "Napoli Spring Cup 1st"]
[Site "Napoli"]
[Date "2017.04.13"]
[Round "6"]
[White "Duraccio, Walter Mattia"]
[Black "Seletsky, Grigory"]
[Result "0-1"]
[WhiteElo "1440"]
[BlackElo "2284"]
[PlyCount "64"]
[EventDate "2017.03.09"]
[EventType "swiss"]
[EventRounds "6"]
[EventCountry "ITA"]
[SourceTitle "EXT 2018"]
[Source "ChessBase"]
[SourceDate "2017.10.13"]
[SourceVersion "1"]
[SourceVersionDate "2017.10.13"]
[SourceQuality "1"]

1. c4 e5 2. Nc3 Nc6 3. g3 f5 4. Bg2 Nf6 5. e3 g6 6. Nge2 Bg7 7. d4 Qe7 8. 0-0 0-0 9. b3 d6 10. Nd5 Qd8 11. Bb2 e4 12. f3 exf3 13. Bxf3 Ne7 14. Ndf4 g5 15. Nd3 Ng6 16. Nf2 c6 17. Qd3 d5 18. Nc3 Be6 19. Bg2 Qa5 20. Bh3 dxc4 21. bxc4 Rad8 22. e4 g4 23. exf5 Bxf5 24. Nfe4 Bxe4 25. Nxe4 gxh3 26. d5 Nxe4 27. Bxg7 Kxg7 28. Qxe4 Qc5+ 29. Kh1 cxd5 30. Qe6 dxc4 31. Rxf8 Rxf8 32. Qxh3 Qd5+ 0-1

[Event "Napoli Spring Cup 1st"]
[Site "Napoli"]
[Date "2017.03.30"]
[Round "4"]
[White "Duraccio, Walter Mattia"]
[Black "Marturano, Giampiero"]
[Result "1-0"]
[WhiteElo "1440"]
[BlackElo "1841"]
[PlyCount "53"]
[EventDate "2017.03.09"]
[EventType "swiss"]
[EventRounds "6"]
[EventCountry "ITA"]
[SourceTitle "EXT 2018"]
[Source "ChessBase"]
[SourceDate "2017.10.13"]
[SourceVersion "1"]
[SourceVersionDate "2017.10.13"]
[SourceQuality "1"]

1. c4 e5 2. Nc3 Nf6 3. g3 Nc6 4. Bg2 d6 5. Nf3 Be6 6. b3 Be7 7. 0-0 Qd7 8. d4 exd4 9. Nb5 Bh3 10. Bxh3 Qxh3 11. Nxc7+ Kd7 12. Ng5 Qh5 13. Nxa8 h6 14. Nf3 Rxa8 15. Kg2 g5 16. Nxd4 Ne5 17. c5 d5 18. Ba3 Ng6 19. e3 g4 20. Rh1 Ne5 21. h3 Qg6 22. hxg4 Nfxg4 23. Qc2 Nd3 24. c6+ bxc6 25. Bxe7 Qe4+ 26. Kg1 Kxe7 27. Rh4 1-0

[Event "Napoli Spring Cup 1st"]
[Site "Napoli"]
[Date "2017.03.16"]
[Round "2"]
[White "Gatto, Lucio"]
[Black "Duraccio, Walter Mattia"]
[Result "1-0"]
[WhiteElo "2071"]
[BlackElo "1440"]
[PlyCount "61"]
[EventDate "2017.03.09"]
[EventType "swiss"]
[EventRounds "6"]
[EventCountry "ITA"]
[SourceTitle "EXT 2018"]
[Source "ChessBase"]
[SourceDate "2017.10.13"]
[SourceVersion "1"]
[SourceVersionDate "2017.10.13"]
[SourceQuality "1"]

1. e4 c5 2. Nf3 e6 3. d4 cxd4 4. c3 d3 5. Bxd3 Qc7 6. 0-0 Nc6 7. Nd4 Nf6 8. f4 Bc5 9. Be3 0-0 10. Nd2 e5 11. fxe5 Nxe5 12. Be2 d6 13. h3 Re8 14. Qe1 Ng6 15. Bf3 Ne5 16. Qg3 d5 17. exd5 Nxf3+ 18. Qxf3 Nxd5 19. Bf2 b6 20. Qxd5 Bb7 21. Qg5 Re5 22. Qg3 f6 23. N2f3 Bd6 24. Nxe5 Bxe5 25. Qg4 Re8 26. Nf3 Bc8 27. Qh4 Bf4 28. Rae1 Rd8 29. Nd4 g5 30. Qh5 Bd7 31. Re7 1-0